| 000 | 00726nmc a2200277 a 4500 | ||
|---|---|---|---|
| 003 | AR-BaBNM | ||
| 005 | 20251128210244.0 | ||
| 008 | 299019s1982 ||||||||||||||000 | spa|| | ||
| 020 | _a84-7432-147-6 | ||
| 040 | _cAR-BaBNM | ||
| 100 | 1 | _aBassis, Henri | |
| 245 | 1 | 0 |
_aMaestros _b¿formar o transformar? |
| 250 | _a1ª ed. | ||
| 260 |
_aBarcelona _bGedisa _c1982 |
||
| 300 | 0 | _a209 p. | |
| 490 | 0 | _aHombre y sociedad. Renovación pedagógica | |
| 650 | 4 | _aFORMACION DE DOCENTES | |
| 650 | 4 | _aROL DEL DOCENTE | |
| 650 | 4 | _aPRAXIS EDUCATIVA | |
| 653 | _aCAMBIO EDUCATIVO | ||
| 653 | _aEDUCACION Y PODER | ||
| 653 | _aESCUELA NUEVA | ||
| 800 | 1 |
_aTorrents, Mercedes _edirector |
|
| 942 | _cBK | ||
| 998 | _cRaquel | ||
| 999 |
_c14669 _d14669 |
||